| 000 | 004210000a22001570004500 | ||
|---|---|---|---|
| 090 |
_aAR _b03257 |
||
| 245 | 1 | 0 | _aCluster de la guadua |
| 500 | _a<<COLECCION BIOCOMERCIO>> | ||
| 650 | 1 | 4 |
_aBiocomercio _992419 |
| 650 | 1 | 4 |
_aUso sostenible _9344 |
| 041 | 0 | _aEspañol | |
| 100 | 1 |
_aReid. James P. _993313 |
|
| 110 | 1 |
_aCorporación Autónoma Regional de Caldas _9950 |
|
| 942 | _cARTICULO | ||
| 773 | 1 |
_tPreprint _33 _q1-5 _d199? |
|
| 999 |
_c12310 _d12310 |
||